00329nam a2200121Ia 4500008004100000041000800041082001700049100001800066245004400084260004100128300003100169365000700200240624s9999 xx 000 0 und d aeng a658.4092 NUR aNURMI RAIMO W aINTERNATIONAL MANAGEMENT LEADERSHIP THE c2000aMumbaibJaico Publishing House axiv, : 221 : p. : cm. ; 25 cRS